| 000 | 00708nam a2200241 a 4500 | ||
|---|---|---|---|
| 001 | BRCA_7756 | ||
| 005 | 20190320205958.0 | ||
| 008 | 120913s1951----po-a######---#000-0#por-# | ||
| 041 | _apor | ||
| 044 | _apo | ||
| 050 | 4 |
_aN3231 _b.O27 1951 |
|
| 245 | 1 | 0 | _aObras escolhidas do Museu Nacional de Arte Antiga. |
| 250 | _a2 | ||
| 260 |
_aLisboa _bGrupo dos Amigos do Museu _c1951 |
||
| 300 |
_a1 v. (sin paginación) _bil., retratos _c20 cm. |
||
| 500 | _aU110 | ||
| 610 | 2 | 4 |
_aMuseu Nacional de Arte Antiga (Lisboa) _919098 |
| 650 | 1 | 4 |
_aArte _zLisboa _919195 |
| 650 | 1 | 4 |
_aGalerÃas y museos _zPortugal _919196 |
| 710 | 2 |
_aMuseu Nacional de Arte Antiga (Lisboa) _919098 |
|
| 902 | _aGFM | ||
| 942 |
_2lcc _cB |
||
| 999 |
_c7430 _d7430 |
||